Normal view
MARC view
- WAR ON TERRORISM
Entry Topical Term
001 - CONTROL NUMBER
- control field: 62850
003 - CONTROL NUMBER IDENTIFIER
- control field: NUST
005 - DATE AND TIME OF LATEST TRANSACTION
- control field: 20210628203018.0
008 - FIXED-LENGTH DATA ELEMENTS
- fixed length control field: 210628|| aca||aabn | a|a d
040 ## - CATALOGING SOURCE
- Original cataloging agency: NUST
- Transcribing agency: NUST
150 ## - HEADING--TOPICAL TERM
- Topical term or geographic name entry element: WAR ON TERRORISM
670 ## - SOURCE DATA FOUND
- Source citation: Work cat.: (NUST): Chomsky, Noam 22959, Hegemony or survival america'a quest for global dominance, 2003
